[Event "Athens Smaok op"]
[Site "Athens"]
[Date "2010.10.14"]
[Round "3.4"]
[White "Hatzigeorgiou, Mihail"]
[Black "Antoniadis, Konstantinos"]
[Result "1-0"]
[WhiteElo "1872"]
[BlackElo "1842"]
[PlyCount "154"]
[EventDate "2010.09.30"]
[EventType "swiss"]
[EventRounds "7"]
[EventCountry "GRE"]
[SourceTitle "EXT 2024"]
[Source "ChessBase"]
[SourceDate "2023.10.10"]
[SourceVersion "1"]
[SourceVersionDate "2023.10.10"]
[SourceQuality "1"]

1. d4 Nf6 2. c4 d6 3. Nc3 Nbd7 4. e4 e5 5. d5 Nc5 6. f3 a5 7. Be3 Be7 8. Bd3 0-0 9. Nge2 Nh5 10. 0-0 g6 11. f4 exf4 12. Nxf4 Nxf4 13. Bxf4 Bf6 14. Bh6 Bg7 15. Bxg7 Kxg7 16. Bc2 Qe7 17. Qd2 Bd7 18. Rf3 f6 19. Raf1 Rf7 20. Qf2 Raf8 21. a3 Qe5 22. Qe3 f5 23. exf5 Qxe3+ 24. Rxe3 Bxf5 25. Bxf5 Rxf5 26. Rxf5 Rxf5 27. Nb5 Rf7 28. b4 axb4 29. axb4 Na6 30. Rb3 Kf8 31. Nd4 Ke8 32. Ne6 c6 33. dxc6 bxc6 34. b5 cxb5 35. Rxb5 Kd7 36. Ng5 Re7 37. Rb7+ Nc7 38. Kf2 Kc6 39. Ra7 Kb6 40. Ra3 Kc5 41. Rc3 Kb4 42. Rd3 Ne8 43. Rd4 Kc5 44. Rf4 h6 45. Ne4+ Kd4 46. Nxd6+ Ke5 47. Rg4 Nxd6 48. Rxg6 Nf7 49. c5 Kd5 50. c6 Re6 51. c7 Re8 52. Rf6 Ne5 53. Kg3 h5 54. Rf5 Rc8 55. Rxh5 Rxc7 56. Kf4 Re7 57. h4 Kd6 58. Rh6+ Kd7 59. g4 Nd3+ 60. Kf5 Nf2 61. g5 Ke8 62. Rh8+ Kd7 63. g6 Kd6 64. Rd8+ Kc7 65. Ra8 Kd6 66. Ra6+ Kd5 67. Kf6 Re3 68. h5 Ne4+ 69. Kg7 Nd6 70. Ra5+ Kc6 71. h6 Ne4 72. Kf7 Nd6+ 73. Kf6 Ne8+ 74. Kf5 Nd6+ 75. Kf4 Re6 76. h7 Re8 77. g7 Re4+ 1-0

[Event "Athens Smaok op"]
[Site "Athens"]
[Date "2010.10.07"]
[Round "2.2"]
[White "Kokolias, Konstantinos"]
[Black "Hatzigeorgiou, Mihail"]
[Result "1-0"]
[WhiteElo "2213"]
[BlackElo "1872"]
[PlyCount "139"]
[EventDate "2010.09.30"]
[EventType "swiss"]
[EventRounds "7"]
[EventCountry "GRE"]
[SourceTitle "EXT 2024"]
[Source "ChessBase"]
[SourceDate "2023.10.10"]
[SourceVersion "1"]
[SourceVersionDate "2023.10.10"]
[SourceQuality "1"]

1. e4 c6 2. d4 d5 3. exd5 cxd5 4. c4 Nf6 5. Nc3 e6 6. Nf3 Nc6 7. Bd3 Nb4 8. Be2 dxc4 9. Bxc4 Be7 10. Qb3 0-0 11. 0-0 b6 12. a3 Nbd5 13. Bxd5 Nxd5 14. Nxd5 Qxd5 15. Qxd5 exd5 16. Bf4 Be6 17. Rfc1 Rfc8 18. Bc7 Bf6 19. h3 h5 20. Rc3 g5 21. Rac1 g4 22. hxg4 hxg4 23. Be5 gxf3 24. Bxf6 Rxc3 25. bxc3 fxg2 26. Kxg2 Kh7 27. Kf3 Kg6 28. Bh4 f6 29. Kf4 Rc8 30. Re1 Kf7 31. Re3 Rc4 32. Rf3 Ra4 33. Ke3 f5 34. Kf4 Rxa3 35. Ke5 Ra2 36. Re3 b5 37. Kd6 Ra6+ 38. Kc5 Rb6 39. Bd8 Rb8 40. Bc7 Rc8 41. Kd6 Re8 42. Kc6 a6 43. Rh3 Kg6 44. f4 Kg7 45. Kb6 Bc8 46. Be5+ Kg6 47. Rg3+ Kf7 48. Kc6 Re6+ 49. Kxd5 Bb7+ 50. Kc5 Rc6+ 51. Kb4 Rc4+ 52. Ka5 Ra4+ 53. Kb6 Bd5 54. Kc5 Be4 55. d5 Rc4+ 56. Kd6 a5 57. Rg7+ Kf8 58. Ra7 a4 59. Ke6 Rc8 60. Rh7 Re8+ 61. Kf6 Kg8 62. Rg7+ Kh8 63. Kf7 Rxe5 64. fxe5 Bxd5+ 65. Kf6 a3 66. Ra7 f4 67. Rxa3 f3 68. Ra1 Kg8 69. e6 Kf8 70. Rh1 1-0

[Event "Athens Smaok 1900+ op 6th"]
[Site "Athens"]
[Date "2010.06.08"]
[Round "5.16"]
[White "Hatzigeorgiou, Mihail"]
[Black "Sideris, Theodoros"]
[Result "0-1"]
[WhiteElo "1888"]
[BlackElo "2041"]
[PlyCount "62"]
[EventDate "2010.05.11"]
[EventType "swiss"]
[EventRounds "7"]
[EventCountry "GRE"]
[SourceTitle "EXT 2024"]
[Source "ChessBase"]
[SourceDate "2023.10.10"]
[SourceVersion "1"]
[SourceVersionDate "2023.10.10"]
[SourceQuality "1"]

1. d4 Nf6 2. c4 c5 3. dxc5 e6 4. Nc3 Bxc5 5. Bg5 Qb6 6. e3 Qxb2 7. Nge2 Bb4 8. Bxf6 gxf6 9. Rc1 Qxa2 10. Qd4 Ke7 11. c5 Nc6 12. Qd6+ Ke8 13. g3 Qa5 14. Qf4 Qxc5 15. Qxf6 Qe5 16. Qh4 Be7 17. Qa4 a6 18. Nf4 Bb4 19. Qa1 Qa5 20. Qxa5 Bxa5 21. Be2 Ne5 22. 0-0 d5 23. Na4 Bd7 24. Nc5 Bc6 25. Nh5 Ke7 26. f4 Nc4 27. e4 Bb6 28. exd5 Bxc5+ 29. Kh1 Bxd5+ 30. Bf3 Bxf3+ 31. Rxf3 b5 0-1